| 000 | 01690nam a22001577a 4500 | ||
|---|---|---|---|
| 999 |
_c514622 _d514622 |
||
| 008 | 201124b ||||| |||| 00| 0 eng d | ||
| 100 |
_aBowen, Frances and Panagiotopoulos, Panos. _921345 |
||
| 245 | _aRegulatory roles and functions in Information-based regulation: A systematic review | ||
| 260 | _aInternational Review of Administrative Sciences | ||
| 300 | _a86(2), Jun, 2020: p.203-221 | ||
| 520 | _aInformation-based regulation occurs when regulators use information to drive changes in behaviours in order to achieve public policy objectives. Information-based regulation has emerged as an alternative way to regulate firms compared with more traditional direct command-and-control and market-based policy instruments within the contemporary regulatory state. Despite growing international interest, challenges remain in understanding the roles for regulators in information-based regulation, the functions of regulators in shaping and leveraging information flows, and the administrative capacities required to fulfil them. Based on a systematic review methodology, this article synthesises the findings of 130 peer-reviewed articles in the environmental, energy and food policy areas. It develops a typology of functions for regulators and outlines the new administrative capacities required in the contemporary regulatory state, particularly in standard setting, assurance and intermediation, and smart data management. – Reproduced | ||
| 650 |
_aAdministrative capacity, Information-based regulation, state smart disclosure, Systematic review _919425 |
||
| 773 | _aInternational Review of Administrative Sciences | ||
| 906 | _aADMINISTRATIVE CAPACITY | ||
| 942 | _cAR | ||